Las Propuestas de seguridad pública

Guardado en:
Bibliografiske detaljer
Format: Texto
Fag:
Tags: Tilføj Tag
Ingen Tags, Vær først til at tagge denne postø!

MARC

LEADER 00000 a a2200000 04500
001 6786
003
040
245 |a Las Propuestas de seguridad pública  
650 |a TRANSPORTE PUBLICO  
650 |a DELINCUENCIA  
650 |a DERECHOS HUMANOS  
650 |a CRIMEN ORGANIZADO  
650 |a NACIONALIDAD  
650 |a CRISIS POLITICA  
650 |a EL SALVADOR  
773 |g volumen 27, número 1213; páginas 10-12  
999 |c 19991  |d 19991